[Event "CYCC U16"]
[Site "Quebec CAN"]
[Date "2008.07.14"]
[Round "1"]
[White "MacKinnon, Keith"]
[Black "Page-Fortin, Mathieu"]
[Result "1-0"]
[WhiteElo "2070"]
[BlackElo "1802"]
[PlyCount "93"]
[GameId "2160767910354244"]
[EventDate "2008.07.14"]
[EventType "swiss"]
[EventRounds "7"]
[EventCountry "CAN"]
[SourceTitle "EXT 2011"]
[Source "ChessBase"]
[SourceDate "2011.11.26"]
[SourceVersion "1"]
[SourceVersionDate "2011.11.26"]
[SourceQuality "1"]

1. e4 e6 2. Nf3 c5 3. d4 cxd4 4. Nxd4 Nc6 5. Nb5 d6 6. c4 a6 7. N5c3 Nf6 8. Be3 Qc7 9. Be2 Be7 10. O-O O-O 11. Nd2 Nd7 12. Rc1 Bf6 13. f4 Nd4 14. Bd3 Nc5 15. Bb1 Qb6 16. e5 dxe5 17. fxe5 Bxe5 18. Bxh7+ Kxh7 19. Qh5+ Kg8 20. Qxe5 Nd3 21. Bxd4 Nxe5 22. Bxb6 Nd3 23. Rb1 e5 24. Nd5 Bg4 25. Nf3 f6 26. h3 Bh5 27. Ne1 Be2 28. Rf5 Rf7 29. Nc3 g6 30. Nxe2 Nxe1 31. Rf1 Nd3 32. b4 Rc8 33. Rb3 e4 34. Nc3 f5 35. c5 Re8 36. Rd1 Nf4 37. Nd5 Nd3 38. a4 Re5 39. Rbxd3 exd3 40. Rxd3 Kf8 41. b5 axb5 42. axb5 Re1+ 43. Kf2 Rb1 44. c6 bxc6 45. bxc6 Rc1 46. Nc3 Re7 47. Bc5 1-0

[Event "CYCC U16"]
[Site "Quebec CAN"]
[Date "2008.07.14"]
[Round "1"]
[White "Mai, Lloyd"]
[Black "Me, Kevin"]
[Result "0-1"]
[WhiteElo "2273"]
[BlackElo "1880"]
[PlyCount "110"]
[GameId "2160767910354245"]
[EventDate "2008.07.14"]
[EventType "swiss"]
[EventRounds "7"]
[EventCountry "CAN"]
[SourceTitle "EXT 2011"]
[Source "ChessBase"]
[SourceDate "2011.11.26"]
[SourceVersion "1"]
[SourceVersionDate "2011.11.26"]
[SourceQuality "1"]

1. e4 c5 2. Nf3 d6 3. d4 cxd4 4. Nxd4 Nf6 5. Nc3 a6 6. f4 e6 7. Be3 Be7 8. Qf3 Qc7 9. Bd3 b5 10. a4 b4 11. Nce2 Bb7 12. a5 Nbd7 13. g4 Nc5 14. Ng3 Rb8 15. O-O b3 16. Rfc1 Ba8 17. Nxb3 d5 18. Bxc5 Bxc5+ 19. Kf1 dxe4 20. Nxe4 Ba7 21. Ra4 Nd5 22. Re1 O-O 23. Rc4 Qxf4 24. Qxf4 Nxf4 25. Nf6+ gxf6 26. Rxf4 Bd5 27. Rxf6 Bxb3 28. cxb3 Rxb3 29. Bxa6 Rxb2 30. Re2 Rb1+ 31. Kg2 Ra1 32. Re5 Ra2+ 33. Kh3 Kg7 34. Rf1 Bb8 35. Rg5+ Kh6 36. Rh5+ Kg7 37. Rg5+ Kh8 38. Rh1 e5 39. Kh4 Bc7 40. Kh5 Rxa5 41. Bc4 Rc5 42. Ba2 Ra5 43. Bb1 Rg8 44. Rf5 Bd8 45. h4 f6 46. Rd1 Ra4 47. Rd7 Raxg4 48. Rxd8 Rxd8 49. Kxg4 Kg7 50. Rf3 Rd4+ 51. Kg3 h6 52. Rb3 e4 53. h5 f5 54. Kf4 e3+ 55. Kxf5 e2 0-1

[Event "CYCC U16"]
[Site "Quebec CAN"]
[Date "2008.07.14"]
[Round "1"]
[White "Poulin, Mathieu"]
[Black "Ang, Alan"]
[Result "0-1"]
[WhiteElo "1385"]
[BlackElo "2015"]
[PlyCount "176"]
[GameId "2160767910354246"]
[EventDate "2008.07.14"]
[EventType "swiss"]
[EventRounds "7"]
[EventCountry "CAN"]
[SourceTitle "EXT 2011"]
[Source "ChessBase"]
[SourceDate "2011.11.26"]
[SourceVersion "1"]
[SourceVersionDate "2011.11.26"]
[SourceQuality "1"]

1. d4 Nf6 2. c4 g6 3. Nc3 Bg7 4. e4 d6 5. Be2 O-O 6. Nf3 e5 7. dxe5 dxe5 8. Qxd8 Rxd8 9. Bg5 Re8 10. O-O-O c6 11. h3 h6 12. Be3 Nh5 13. Rhe1 Be6 14. Bf1 Nd7 15. Nd2 f5 16. f3 a6 17. Bf2 b5 18. b3 Rec8 19. Kb2 Kf7 20. Rc1 Rab8 21. Red1 Nb6 22. c5 Nd7 23. b4 a5 24. a3 a4 25. Ndb1 Rc7 26. Rd2 Rbb7 27. Re1 Bf6 28. exf5 gxf5 29. g4 Nf4 30. gxf5 Bxf5 31. Ne4 Bxe4 32. Rxe4 Nf8 33. Kc2 Rd7 34. Bg3 N8e6 35. Bf2 Ng5 36. Re3 Ngxh3 37. Bxh3 Nxh3 38. Bg3 Nf4 39. Re4 Ng6 40. Rh2 Kg7 41. Nd2 Rd4 42. Rxd4 exd4 43. Kd3 Re7 44. Ne4 Ne5+ 45. Bxe5 Bxe5 46. Rg2+ Kh7 47. Nd6 Rd7 48. Nf5 Bf6 49. Nd6 Re7 50. Ne4 Bg7 51. Rg3 Re5 52. Rh3 Rf5 53. Nd6 Rg5 54. Ne4 Rg1 55. f4 Rf1 56. Ng5+ Kg6 57. Nf3 Ra1 58. Ke4 Rd1 59. Ne5+ Bxe5 60. fxe5 d3 61. e6 d2 62. Kd3 Re1 63. Kxd2 Rxe6 64. Rg3+ Kh5 65. Rd3 Kg5 66. Rg3+ Kf4 67. Rd3 h5 68. Rd6 Kf5 69. Rd4 Kg5 70. Kd3 h4 71. Rd8 h3 72. Kd2 h2 73. Rh8 Rh6 74. Rg8+ Kh5 75. Rg2 h1=Q 76. Re2 Qd5+ 77. Ke3 Re6+ 78. Kf2 Rxe2+ 79. Kxe2 Qa2+ 80. Kd3 Qxa3+ 81. Kd4 Qxb4+ 82. Ke5 Qxc5+ 83. Ke6 a3 84. Kf6 Qd5 85. Kg7 Qe6 86. Kf8 Qd7 87. Kg8 Kg6 88. Kh8 Qh7# 0-1

[Event "CYCC U16"]
[Site "Quebec CAN"]
[Date "2008.07.14"]
[Round "1"]
[White "Thavandiran, Shiyam"]
[Black "Lee, Bryan Tsz Hou"]
[Result "1-0"]
[WhiteElo "2372"]
[BlackElo "1845"]
[PlyCount "51"]
[GameId "2160767910354247"]
[EventDate "2008.07.14"]
[EventType "swiss"]
[EventRounds "7"]
[EventCountry "CAN"]
[SourceTitle "EXT 2011"]
[Source "ChessBase"]
[SourceDate "2011.11.26"]
[SourceVersion "1"]
[SourceVersionDate "2011.11.26"]
[SourceQuality "1"]

1. e4 c5 2. Nf3 d6 3. d4 cxd4 4. Qxd4 Nc6 5. Bb5 Bd7 6. Bxc6 Bxc6 7. Nc3 Nf6 8. Bg5 e6 9. O-O-O Be7 10. Rhe1 Qc7 11. Bxf6 gxf6 12. Qe3 h5 13. Nd4 a6 14. Rd3 b5 15. Nd5 Qb7 16. Nxc6 Qxc6 17. Rc3 Qb7 18. Rc7 Qb8 19. Rxe7+ Kf8 20. Qf4 f5 21. exf5 exd5 22. Qg5 Ra7 23. f6 Rh7 24. Qg8+ Kxg8 25. Re8+ Qxe8 26. Rxe8# 1-0

[Event "CYCC U16"]
[Site "Quebec CAN"]
[Date "2008.07.14"]
[Round "2"]
[White "Ang, Alan"]
[Black "Thavandiran, Shiyam"]
[Result "0-1"]
[WhiteElo "2015"]
[BlackElo "2372"]
[PlyCount "62"]
[GameId "2160767910354248"]
[EventDate "2008.07.14"]
[EventType "swiss"]
[EventRounds "7"]
[EventCountry "CAN"]
[SourceTitle "EXT 2011"]
[Source "ChessBase"]
[SourceDate "2011.11.26"]
[SourceVersion "1"]
[SourceVersionDate "2011.11.26"]
[SourceQuality "1"]

1. e4 c5 2. Nf3 Nc6 3. d4 cxd4 4. Nxd4 e5 5. Nb5 d6 6. N1c3 a6 7. Na3 Be7 8. Nd5 Nf6 9. Bd3 Nxd5 10. exd5 Qa5+ 11. Bd2 Qxd5 12. O-O Qe6 13. f4 O-O 14. f5 Qf6 15. Nc4 d5 16. Ne3 Bc5 17. Kh1 Bxe3 18. Bxe3 e4 19. Be2 d4 20. Bf4 Bxf5 21. g4 Bg6 22. g5 Qe6 23. Bg4 Qd5 24. h4 Bf5 25. Kg1 Bxg4 26. Qxg4 f5 27. Qg3 Rae8 28. a3 e3 29. Rae1 Re4 30. c3 Rfe8 31. Re2 Qc4 0-1

[Event "CYCC U16"]
[Site "Quebec CAN"]
[Date "2008.07.14"]
[Round "2"]
[White "Dawson, Jeffrey"]
[Black "Kaufman, Harris"]
[Result "0-1"]
[WhiteElo "1336"]
[BlackElo "1891"]
[PlyCount "68"]
[GameId "2160767910354249"]
[EventDate "2008.07.14"]
[EventType "swiss"]
[EventRounds "7"]
[EventCountry "CAN"]
[SourceTitle "EXT 2011"]
[Source "ChessBase"]
[SourceDate "2011.11.26"]
[SourceVersion "1"]
[SourceVersionDate "2011.11.26"]
[SourceQuality "1"]

1. f4 e5 2. fxe5 d6 3. Nf3 dxe5 4. Nxe5 Bd6 5. Nf3 g5 6. g3 g4 7. Nh4 Be7 8. Ng2 h5 9. d3 h4 10. gxh4 Bxh4+ 11. Nxh4 Qxh4+ 12. Kd2 g3 13. h3 g2 14. Bxg2 Qg5+ 15. Kc3 Qxg2 16. Be3 Nc6 17. Kd2 Nf6 18. Nc3 Bxh3 19. Qe1 Ng4 20. Bf4 Nce5 21. Kc1 O-O-O 22. Ne4 Nf3 23. exf3 Qxf3 24. Bg5 Bg2 25. Rh4 f6 26. Rxh8 Rxh8 27. Bh4 f5 28. Ng5 Qf4+ 29. Kd1 Ne3+ 30. Kd2 Nc4+ 31. Kc3 Nd6 32. Qg1 Rxh4 33. a3 Qxg5 34. Qxa7 Nb5+ 0-1

[Event "CYCC U16"]
[Site "Quebec CAN"]
[Date "2008.07.14"]
[Round "2"]
[White "Hansen, Eric"]
[Black "Lai, Matthew"]
[Result "1-0"]
[WhiteElo "2347"]
[BlackElo "1944"]
[PlyCount "161"]
[GameId "2160767910354250"]
[EventDate "2008.07.14"]
[EventType "swiss"]
[EventRounds "7"]
[EventCountry "CAN"]
[SourceTitle "EXT 2011"]
[Source "ChessBase"]
[SourceDate "2011.11.26"]
[SourceVersion "1"]
[SourceVersionDate "2011.11.26"]
[SourceQuality "1"]

1. e4 e5 2. Nf3 Nc6 3. Bc4 Nf6 4. d3 Be7 5. c3 d6 6. Bb3 O-O 7. O-O Be6 8. Re1 Bxb3 9. Qxb3 Na5 10. Qc2 c5 11. Nbd2 Rc8 12. Nf1 b5 13. Ng3 c4 14. d4 Nc6 15. d5 Nb8 16. a4 a6 17. axb5 axb5 18. b4 Nbd7 19. Ra5 Rb8 20. Nf5 Rb7 21. h3 Ne8 22. Nxe7+ Qxe7 23. Be3 Nc7 24. Rea1 Nb6 25. Ra7 Rxa7 26. Rxa7 Na4 27. Nd2 Ra8 28. Nxc4 Rxa7 29. Bxa7 Nxd5 30. exd5 Qxa7 31. Nxd6 Qd7 32. Nf5 g6 33. Ne3 Nb6 34. Qe4 Qc7 35. Qd3 Qd7 36. Ng4 Kg7 37. Nxe5 Qxd5 38. Qe3 Nc4 39. Nxc4 Qxc4 40. Qe5+ Kg8 41. Kh2 h5 42. Qd4 Qc7+ 43. Kg1 Qc6 44. h4 Qe6 45. Kf1 Qc6 46. g3 Qe6 47. Qc5 Qd7 48. Ke2 Qe6+ 49. Kd3 Qe1 50. Qe3 Qd1+ 51. Ke4 Qd6 52. Qd4 Qe6+ 53. Kd3 Qf5+ 54. Kd2 Qe6 55. c4 bxc4 56. Kc3 Qe2 57. b5 Qa2 58. Qxc4 Qxf2 59. Qc7 Qe1+ 60. Kb3 Qb1+ 61. Ka4 Qa2+ 62. Kb4 Qd2+ 63. Kc5 Qe3+ 64. Kc6 Qe4+ 65. Kb6 Qd4+ 66. Qc5 Qd8+ 67. Kb7 Qd7+ 68. Kb8 Qd3 69. b6 Qxg3+ 70. Ka7 Qxh4 71. b7 Qa4+ 72. Kb6 Qb3+ 73. Kc7 Qg3+ 74. Qd6 Qc3+ 75. Kd7 Qh3+ 76. Ke8 Qe3+ 77. Qe7 Qa7 78. Qxf7+ Kh8 79. Qe7 g5 80. Kf7 Qa2+ 81. Qe6 1-0

[Event "CYCC U16"]
[Site "Quebec CAN"]
[Date "2008.07.14"]
[Round "2"]
[White "Lee, Bryan Tsz Hou"]
[Black "Poulin, Mathieu"]
[Result "1-0"]
[WhiteElo "1845"]
[BlackElo "1385"]
[PlyCount "139"]
[GameId "2160767910354251"]
[EventDate "2008.07.14"]
[EventType "swiss"]
[EventRounds "7"]
[EventCountry "CAN"]
[SourceTitle "EXT 2011"]
[Source "ChessBase"]
[SourceDate "2011.11.26"]
[SourceVersion "1"]
[SourceVersionDate "2011.11.26"]
[SourceQuality "1"]

1. e4 c6 2. d4 d5 3. Nc3 dxe4 4. Nxe4 Bf5 5. Ng3 Bg6 6. h4 h6 7. h5 Bh7 8. Nf3 Nd7 9. Bd3 Bxd3 10. Qxd3 e6 11. Bf4 Qa5+ 12. Bd2 Qc7 13. O-O-O Ngf6 14. Kb1 O-O-O 15. Rhe1 c5 16. Qc3 Bd6 17. Ne5 Nd5 18. Qa5 Qxa5 19. Bxa5 Rdf8 20. Nxd7 Kxd7 21. dxc5 Bxc5 22. Ne4 Kc6 23. c4 Nf6 24. b4 Bb6 25. b5+ Kc7 26. Bb4 Rd8 27. Nxf6 Bxf2 28. Rxd8 Rxd8 29. Rf1 gxf6 30. Rxf2 f5 31. Bd2 Kd7 32. Kc2 Ke7 33. Bb4+ Ke8 34. Rd2 Rc8 35. Kb3 b6 36. a4 Rc7 37. Bd6 Rb7 38. Bf4 f6 39. Rd6 Ke7 40. Rc6 e5 41. Bxh6 Kf7 42. Bc1 Rd7 43. h6 Kg6 44. Rc8 f4 45. Rh8 Rd1 46. Bb2 Rd3+ 47. Kb4 Re3 48. a5 Re2 49. Bc3 Rc2 50. axb6 axb6 51. Kb3 Rc1 52. Rb8 Kxh6 53. Rxb6 e4 54. Rxf6+ Kg5 55. b6 e3 56. b7 e2 57. Re6 Rb1+ 58. Bb2 e1=Q 59. Rxe1 Rxe1 60. b8=Q Re3+ 61. Kb4 Kf5 62. Qf8+ Ke4 63. Qd6 Rg3 64. Qe5+ Kd3 65. Qd4+ Kc2 66. Bc3 Rxg2 67. Qe4+ Kc1 68. Qxg2 f3 69. Qd2+ Kb1 70. Qb2# 1-0

[Event "CYCC U16"]
[Site "Quebec CAN"]
[Date "2008.07.14"]
[Round "2"]
[White "Mai, Lloyd"]
[Black "Ji, Henry"]
[Result "1-0"]
[WhiteElo "2273"]
[BlackElo "1591"]
[PlyCount "81"]
[GameId "2160767910354252"]
[EventDate "2008.07.14"]
[EventType "swiss"]
[EventRounds "7"]
[EventCountry "CAN"]
[SourceTitle "EXT 2011"]
[Source "ChessBase"]
[SourceDate "2011.11.26"]
[SourceVersion "1"]
[SourceVersionDate "2011.11.26"]
[SourceQuality "1"]

1. e4 e5 2. Nf3 Nc6 3. Bc4 Bc5 4. c3 Nf6 5. d3 d6 6. O-O O-O 7. h3 h6 8. Bb3 Bb6 9. Nbd2 a6 10. Re1 Re8 11. Nc4 Ba7 12. Be3 b5 13. Ncd2 Be6 14. Bc2 Re7 15. d4 exd4 16. Nxd4 Nxd4 17. cxd4 c5 18. d5 Bd7 19. f4 Qc7 20. Qf3 c4 21. Kh1 Bxe3 22. Rxe3 Rae8 23. Rae1 Qc5 24. R3e2 b4 25. e5 dxe5 26. fxe5 Nxd5 27. Ne4 Qa5 28. Nd6 Rb8 29. Nxc4 Qc5 30. Nd6 Nb6 31. Qe4 g6 32. Bb3 Be6 33. Rc2 Qa5 34. Qh4 g5 35. Qxh6 Bxb3 36. Qxg5+ Kf8 37. Qf6 Rd7 38. Qh8+ Ke7 39. Nf5+ Ke6 40. Qf6+ Kd5 41. Qc6# 1-0

[Event "CYCC U16"]
[Site "Quebec CAN"]
[Date "2008.07.14"]
[Round "2"]
[White "Me, Kevin"]
[Black "MacKinnon, Keith"]
[Result "0-1"]
[WhiteElo "1880"]
[BlackElo "2070"]
[PlyCount "74"]
[GameId "2160767910354253"]
[EventDate "2008.07.14"]
[EventType "swiss"]
[EventRounds "7"]
[EventCountry "CAN"]
[SourceTitle "EXT 2011"]
[Source "ChessBase"]
[SourceDate "2011.11.26"]
[SourceVersion "1"]
[SourceVersionDate "2011.11.26"]
[SourceQuality "1"]

1. e4 d5 2. exd5 Qxd5 3. Nc3 Qd6 4. d4 Nf6 5. Nf3 c6 6. h3 Bf5 7. Bc4 Nbd7 8. Bb3 e6 9. Bg5 Qc7 10. Qe2 Bd6 11. O-O-O O-O 12. g4 Bg6 13. Rdg1 Bf4+ 14. Kb1 Bxg5 15. Nxg5 Qf4 16. h4 h5 17. Nxe6 fxe6 18. g5 Nd5 19. Qxe6+ Qf7 20. Nxd5 Qxe6 21. Nf6+ Nxf6 22. Bxe6+ Kh7 23. gxf6 Rxf6 24. Bb3 Rd8 25. d5 Be4 26. Rh3 cxd5 27. Rg5 Kh6 28. Rc3 Rxf2 29. Kc1 d4 30. Rc7 Rf1+ 31. Kd2 Rdf8 32. Bc4 Rh1 33. Rgxg7 Rf2+ 34. Be2 Rhh2 35. Rge7 Rxe2+ 36. Kd1 Bxc2+ 37. Rxc2 Rxc2 0-1

[Event "CYCC U16"]
[Site "Quebec CAN"]
[Date "2008.07.14"]
[Round "2"]
[White "Page-Fortin, Mathieu"]
[Black "Hambleton, Aman"]
[Result "1/2-1/2"]
[WhiteElo "1802"]
[BlackElo "2012"]
[PlyCount "63"]
[GameId "2160767910354254"]
[EventDate "2008.07.14"]
[EventType "swiss"]
[EventRounds "7"]
[EventCountry "CAN"]
[SourceTitle "EXT 2011"]
[Source "ChessBase"]
[SourceDate "2011.11.26"]
[SourceVersion "1"]
[SourceVersionDate "2011.11.26"]
[SourceQuality "1"]

1. e4 e6 2. d3 c5 3. g3 b6 4. Bg2 Bb7 5. f4 g6 6. Nf3 Bg7 7. O-O Ne7 8. Nc3 d6 9. Qe1 O-O 10. e5 Nbc6 11. Nb5 Nc8 12. c3 a6 13. Na3 Qc7 14. d4 cxd4 15. cxd4 b5 16. Bd2 Qe7 17. Rc1 Nb6 18. Nc2 dxe5 19. dxe5 Rfd8 20. Nb4 Rdc8 21. Ng5 Nxb4 22. Bxb4 Qd7 23. Rd1 Bd5 24. Bd6 Qa7 25. Qf2 Bxg2 26. Kxg2 Nc4 27. Kh3 Ne3 28. Rc1 Qd4 29. Rfd1 Qb6 30. Ne4 Nd5 31. Bc5 Qc6 32. Nd6 1/2-1/2

[Event "CYCC U16"]
[Site "Quebec CAN"]
[Date "2008.07.14"]
[Round "2"]
[White "Rakov, Pavel"]
[Black "Deschenes, Marc-Andre"]
[Result "1-0"]
[WhiteElo "1970"]
[BlackElo "1864"]
[PlyCount "75"]
[GameId "2160767910354255"]
[EventDate "2008.07.14"]
[EventType "swiss"]
[EventRounds "7"]
[EventCountry "CAN"]
[SourceTitle "EXT 2011"]
[Source "ChessBase"]
[SourceDate "2011.11.26"]
[SourceVersion "1"]
[SourceVersionDate "2011.11.26"]
[SourceQuality "1"]

1. d4 Nf6 2. Nf3 e6 3. c4 d5 4. cxd5 exd5 5. Nc3 c6 6. Bg5 Be7 7. Qc2 Be6 8. e3 Nbd7 9. Bd3 Rc8 10. O-O h6 11. Bh4 O-O 12. a3 a5 13. Rad1 Bg4 14. Be2 Qc7 15. Bg3 Bd6 16. Bxd6 Qxd6 17. h3 Bh5 18. b4 axb4 19. axb4 Bg6 20. Qb3 Ra8 21. Ra1 b6 22. b5 c5 23. Ra6 Rxa6 24. bxa6 Ra8 25. Ra1 c4 26. Qa4 Nb8 27. Nb5 Qe7 28. a7 Nc6 29. Qa6 Qd8 30. Ne5 Na5 31. Nxg6 fxg6 32. Bf3 Kh7 33. h4 h5 34. Nc3 Qc7 35. Nxd5 Nxd5 36. Bxd5 Rxa7 37. Qb5 c3 38. Qe8 1-0

[Event "CYCC U16"]
[Site "Quebec CAN"]
[Date "2008.07.14"]
[Round "2"]
[White "Xu, Haizhou"]
[Black "Martchenko, Alexander"]
[Result "0-1"]
[WhiteElo "1609"]
[BlackElo "2240"]
[PlyCount "68"]
[GameId "2160767910354256"]
[EventDate "2008.07.14"]
[EventType "swiss"]
[EventRounds "7"]
[EventCountry "CAN"]

1. e4 c5 2. Nf3 d6 3. d4 cxd4 4. Nxd4 Nf6 5. Nc3 g6 6. Be3 Bg7 7. f3 O-O 8. Qd2 Nc6 9. Bc4 Bd7 10. Nde2 Rc8 11. Bb3 Re8 12. Bh6 Bh8 13. h4 Ne5 14. h5 Nc4 15. hxg6 hxg6 16. Bxc4 Rxc4 17. O-O-O Qa5 18. Bg5 Bg7 19. Bh6 Bh8 20. Bg5 Nh7 21. Bxe7 Rxe7 22. Qh6 f6 23. Nd5 Rg7 24. Nef4 Qxa2 25. Nxg6 Qa1+ 26. Kd2 Qxb2 27. Nde7+ Kf7 28. Rc1 Rd4+ 29. Ke3 Qc3+ 30. Kf2 Qd2+ 31. Kg3 Qxh6 32. Rxh6 Nf8 33. Rxh8 Nxg6 34. Nxg6 Rxg6+ 0-1

[Event "CYCC U16"]
[Site "Quebec CAN"]
[Date "2008.07.15"]
[Round "3"]
[White "Deschenes, Marc-Andre"]
[Black "Page-Fortin, Mathieu"]
[Result "0-1"]
[WhiteElo "1864"]
[BlackElo "1802"]
[PlyCount "68"]
[GameId "2160767910354257"]
[EventDate "2008.07.14"]
[EventType "swiss"]
[EventRounds "7"]
[EventCountry "CAN"]
[SourceTitle "EXT 2011"]
[Source "ChessBase"]
[SourceDate "2011.11.26"]
[SourceVersion "1"]
[SourceVersionDate "2011.11.26"]
[SourceQuality "1"]

1. e4 e6 2. d4 d5 3. Nd2 Nf6 4. e5 Nfd7 5. c3 c5 6. Ndf3 Nc6 7. Bd3 Be7 8. Ne2 Rb8 9. O-O b5 10. a3 f5 11. exf6 Nxf6 12. Bf4 Rb6 13. dxc5 Bxc5 14. Ne5 O-O 15. Nxc6 Rxc6 16. b4 Nh5 17. Bd2 Bb6 18. Bxb5 Rc7 19. Nd4 Qh4 20. g3 Qh3 21. Re1 Rxf2 22. Kxf2 Qxh2+ 23. Ke3 e5 24. Kd3 Bxd4 25. cxd4 Bf5+ 26. Ke3 Qxg3+ 27. Qf3 exd4+ 28. Kxd4 Qxf3 29. Re8+ Kf7 30. Rf1 Qg4+ 31. Kxd5 Nf6+ 32. Kd6 Nxe8+ 33. Bxe8+ Kxe8 34. Kxc7 Qc4+ 0-1

[Event "CYCC U16"]
[Site "Quebec CAN"]
[Date "2008.07.15"]
[Round "3"]
[White "Hambleton, Aman"]
[Black "Ji, Henry"]
[Result "1-0"]
[WhiteElo "2012"]
[BlackElo "1591"]
[PlyCount "77"]
[GameId "2160767910354258"]
[EventDate "2008.07.14"]
[EventType "swiss"]
[EventRounds "7"]
[EventCountry "CAN"]
[SourceTitle "EXT 2011"]
[Source "ChessBase"]
[SourceDate "2011.11.26"]
[SourceVersion "1"]
[SourceVersionDate "2011.11.26"]
[SourceQuality "1"]

1. d4 d5 2. c4 e6 3. Nc3 Nf6 4. Nf3 c6 5. e3 Bd6 6. Bd3 dxc4 7. Bxc4 b5 8. Bd3 Bb7 9. e4 Bb4 10. Qb3 Bxc3+ 11. Qxc3 O-O 12. O-O Nbd7 13. b4 a6 14. Bg5 h6 15. Bh4 Qb6 16. Nd2 a5 17. a3 axb4 18. axb4 Rxa1 19. Rxa1 Ra8 20. Rc1 Ra4 21. Bc2 Ra2 22. Bb1 Ra8 23. Nb3 Rd8 24. e5 Nd5 25. Qc2 g6 26. Bxd8 Qxd8 27. Na5 Qg5 28. h4 Qg4 29. Nxb7 Nf4 30. f3 Qxh4 31. Nd6 Qg5 32. Rd1 Nh3+ 33. Kf1 Qe3 34. gxh3 Qxf3+ 35. Kg1 Qe3+ 36. Qf2 Qxh3 37. Qxf7+ Kh8 38. Qe8+ Kg7 39. Qxg6+ 1-0

[Event "CYCC U16"]
[Site "Quebec CAN"]
[Date "2008.07.15"]
[Round "3"]
[White "Kaufman, Harris"]
[Black "Ang, Alan"]
[Result "1/2-1/2"]
[WhiteElo "1891"]
[BlackElo "2015"]
[PlyCount "72"]
[GameId "2160767910354259"]
[EventDate "2008.07.14"]
[EventType "swiss"]
[EventRounds "7"]
[EventCountry "CAN"]
[SourceTitle "EXT 2011"]
[Source "ChessBase"]
[SourceDate "2011.11.26"]
[SourceVersion "1"]
[SourceVersionDate "2011.11.26"]
[SourceQuality "1"]

1. e4 e6 2. d4 d5 3. Nc3 Bb4 4. e5 c5 5. a3 Bxc3+ 6. bxc3 Ne7 7. h4 Qc7 8. Rh3 Bd7 9. h5 Nbc6 10. h6 gxh6 11. g4 cxd4 12. cxd4 Nxe5 13. dxe5 Qxe5+ 14. Be3 Rc8 15. Bd3 Ba4 16. Rc1 Nc6 17. Rxh6 Qg7 18. Nf3 d4 19. Bd2 Qxg4 20. Qe2 Rd8 21. Rb1 Rd7 22. Bg5 Rg8 23. Bf6 Qf4 24. Bg5 Rxg5 25. Nxg5 Qxg5 26. Rxh7 Ne5 27. Bb5 Qg1+ 28. Qf1 Qxf1+ 29. Kxf1 Bxb5+ 30. Rxb5 Nc4 31. a4 b6 32. Ke2 Nd6 33. Rb3 Nf5 34. f3 Ke7 35. Kd3 Rd5 36. Rb5 Rd7 1/2-1/2

[Event "CYCC U16"]
[Site "Quebec CAN"]
[Date "2008.07.15"]
[Round "3"]
[White "Lai, Matthew"]
[Black "Me, Kevin"]
[Result "0-1"]
[WhiteElo "1944"]
[BlackElo "1880"]
[PlyCount "76"]
[GameId "2160767910354260"]
[EventDate "2008.07.14"]
[EventType "swiss"]
[EventRounds "7"]
[EventCountry "CAN"]
[SourceTitle "EXT 2011"]
[Source "ChessBase"]
[SourceDate "2011.11.26"]
[SourceVersion "1"]
[SourceVersionDate "2011.11.26"]
[SourceQuality "1"]

1. e4 c5 2. Nf3 d6 3. d4 cxd4 4. Nxd4 Nf6 5. Nc3 a6 6. Bg5 e6 7. f4 Be7 8. Qf3 Qc7 9. O-O-O Nbd7 10. g4 b5 11. Bxf6 Nxf6 12. g5 Nd7 13. f5 Nc5 14. fxe6 fxe6 15. Bh3 b4 16. Nce2 Bxg5+ 17. Kb1 Bf6 18. Nxe6 Nxe6 19. Bxe6 Bxe6 20. e5 O-O 21. exf6 Rac8 22. Nd4 Rxf6 23. Qd3 Bf7 24. Rhe1 Qa5 25. Nb3 Qb6 26. Rd2 a5 27. Nd4 Qc5 28. Nb3 Qc6 29. Qg3 a4 30. Nd4 Qc4 31. b3 axb3 32. axb3 Qa6 33. Qd3 Qa3 34. Nb5 Qa5 35. Nxd6 Ra8 36. Re8+ Bxe8 37. Qd5+ Qxd5 38. Rxd5 Rd8 0-1

[Event "CYCC U16"]
[Site "Quebec CAN"]
[Date "2008.07.15"]
[Round "3"]
[White "Martchenko, Alexander"]
[Black "MacKinnon, Keith"]
[Result "1-0"]
[WhiteElo "2243"]
[BlackElo "2070"]
[PlyCount "87"]
[GameId "2160767910354261"]
[EventDate "2008.07.14"]
[EventType "swiss"]
[EventRounds "7"]
[EventCountry "CAN"]
[SourceTitle "EXT 2011"]
[Source "ChessBase"]
[SourceDate "2011.11.26"]
[SourceVersion "1"]
[SourceVersionDate "2011.11.26"]
[SourceQuality "1"]

1. e4 d5 2. exd5 Qxd5 3. Nc3 Qd6 4. d4 Nf6 5. Nf3 c6 6. Ne5 Nbd7 7. Bf4 Nd5 8. Nxd5 Qxd5 9. Nf3 Nf6 10. Be2 Bg4 11. O-O e6 12. h3 Bh5 13. c4 Qd8 14. Re1 Bd6 15. Qc1 O-O 16. g4 Bg6 17. Ne5 c5 18. Bf3 Qe7 19. d5 Bxe5 20. Bxe5 Nd7 21. Bg3 e5 22. Qc3 Rfe8 23. d6 Qxd6 24. Bxb7 Rad8 25. Bd5 Kf8 26. Rad1 Qc7 27. f3 f6 28. Bf2 Rb8 29. Rd2 Re7 30. Red1 Be8 31. Be4 Kg8 32. Bf5 Nb6 33. b3 g6 34. Be4 Nd7 35. Qe3 Kg7 36. h4 Rb6 37. Kg2 Ree6 38. h5 Red6 39. hxg6 Rxd2 40. Qxd2 hxg6 41. Rh1 Nf8 42. Qh6+ Kf7 43. Bd5+ Ne6 44. Qh7+ 1-0

[Event "CYCC U16"]
[Site "Quebec CAN"]
[Date "2008.07.15"]
[Round "3"]
[White "Poulin, Mathieu"]
[Black "Dawson, Jeffrey"]
[Result "1-0"]
[WhiteElo "1385"]
[BlackElo "1336"]
[PlyCount "95"]
[GameId "2160767910354262"]
[EventDate "2008.07.14"]
[EventType "swiss"]
[EventRounds "7"]
[EventCountry "CAN"]
[SourceTitle "EXT 2011"]
[Source "ChessBase"]
[SourceDate "2011.11.26"]
[SourceVersion "1"]
[SourceVersionDate "2011.11.26"]
[SourceQuality "1"]

1. d4 d5 2. c4 c6 3. cxd5 Qxd5 4. Nc3 Qa5 5. e4 Nf6 6. Qc2 Be6 7. Nf3 Nbd7 8. Bd3 Bg4 9. Nd2 Bh5 10. Nc4 Qc7 11. f3 e6 12. O-O Be7 13. a4 Bg6 14. Be3 O-O 15. Bf2 Nh5 16. Ne2 Bg5 17. g4 Nf4 18. Bg3 Rfd8 19. Bxf4 Bxf4 20. h4 h5 21. Rad1 Bg3 22. Kg2 Bxh4 23. Rh1 Bf6 24. gxh5 Bh7 25. e5 Bxd3 26. Rxd3 Bg5 27. f4 Bh6 28. Rg3 Nb6 29. Nd6 Nd5 30. Qe4 Nb6 31. f5 f6 32. fxe6 fxe5 33. dxe5 Rxd6 34. exd6 Qxd6 35. Nd4 Kh8 36. Rd3 Qc5 37. Qf5 Qc4 38. e7 Re8 39. Qf8+ Rxf8 40. exf8=Q+ Kh7 41. Qf5+ Kg8 42. Ne2 Nd5 43. Rhd1 Kh8 44. b3 Qc2 45. Kf3 a6 46. Rxd5 cxd5 47. Qxc2 Kg8 48. Qf5 1-0

[Event "CYCC U16"]
[Site "Quebec CAN"]
[Date "2008.07.15"]
[Round "3"]
[White "Rakov, Pavel"]
[Black "Mai, Lloyd"]
[Result "0-1"]
[WhiteElo "1970"]
[BlackElo "2273"]
[PlyCount "92"]
[GameId "2160767910354263"]
[EventDate "2008.07.14"]
[EventType "swiss"]
[EventRounds "7"]
[EventCountry "CAN"]
[SourceTitle "EXT 2011"]
[Source "ChessBase"]
[SourceDate "2011.11.26"]
[SourceVersion "1"]
[SourceVersionDate "2011.11.26"]
[SourceQuality "1"]

1. d4 Nf6 2. Nf3 g6 3. c4 Bg7 4. Nc3 d6 5. e4 O-O 6. Be2 e5 7. O-O Nc6 8. d5 Ne7 9. Ne1 Nd7 10. Be3 f5 11. f3 f4 12. Bf2 Nf6 13. b4 g5 14. c5 Ng6 15. Qc2 Rf7 16. Rc1 Bf8 17. cxd6 Bxd6 18. Nd3 g4 19. Nb5 a6 20. Nxd6 cxd6 21. Nb2 Rg7 22. Nc4 g3 23. hxg3 fxg3 24. Bxg3 Nf4 25. Bxf4 exf4 26. Rfd1 Nh5 27. Bf1 Ng3 28. e5 Bf5 29. Qb2 Qh4 30. Rd2 dxe5 31. Qxe5 Re7 32. Qd4 Qh1+ 33. Kf2 Qh2 34. Bd3 Rae8 35. Nd6 Bh3 36. Ne4 Qxg2+ 37. Ke1 Rxe4+ 38. fxe4 Rxe4+ 39. Kd1 Qf3+ 40. Be2 Qh1+ 41. Kc2 Qxc1+ 42. Kxc1 Nxe2+ 43. Rxe2 Rxd4 44. Rd2 Rxd2 45. Kxd2 Kf7 46. Kd3 Bg2 0-1